000 00416nam a22001337a 4500
040 _cNUST
082 _a200 THE
100 _aAon Safdar
_998538
110 _a Supervisor Dr. Farooque Azam
245 _aTH-SOF-2038-Deep Learning Based Automatic Target Detection and Localization in Thermal Infrared Imagery
260 _aISLAMABAD:
_bNUST COLLEGE OF EME,
_c2022.
650 _aMS-CSE-20
_998461
942 _2ddc
_cTHE
999 _c591322
_d591322